Co Jeździ Na Stacji Warszawa Wschodnia | PKP | #2 - Statystyki

Ogólne statystyki
  • Ten quiz został rozwiązany 28 razy
    22 od ostatniego zresetowania
  • Średni wynik to 24 z 104
Statystyki odpowiedzi
Rodzaj Nazwa % Poprawnych
IC | Silesia
67%
TLK | Lubomirski
56%
IC | Sobieski
56%
IC | Chopin
50%
EIC | Chrobry
50%
TLK | Karpaty
50%
TLK | Małopolska
50%
IC | Podlasiak
50%
EIC | | IC | Batory
44%
TLK | Biebrza
44%
EIC | BWE
44%
IC | Dąbrowska
44%
IC | Nałkowska
44%
EIC | Ślęża
44%
EIC | Panorama
39%
IC | Ustronie
39%
IC | Adriatic Express
33%
EIC | Bolesław Prus
33%
IC | Karkonosze
33%
EIC | Lech
33%
IC | Orzeszkowa
33%
IC | Podlasie
33%
IC | San
33%
IC | Słowacki
33%
IC | Żubr
33%
IC | Chełmianin
28%
IC | Delfin
28%
IC | Hańcza
28%
IC | Kopernik
28%
IC | Kujawiak
28%
IC | Lubuszanin
28%
IC | Mickiewicz
28%
IC | Morskie Oko
28%
IC | Skaryna
28%
IC | Strzelecki
28%
IC | Uznam
28%
IC | Zosia
28%
IC | Baczyński
22%
IC | Czechowicz
22%
IC | Esperanto
22%
IC | Fredro
22%
IC | Górski
22%
IC | Inka
22%
EIC | Jantar
22%
IC | Kochanowski
22%
IC | Kormoran
22%
IC | Łużyce
22%
IC | Malinowski
22%
TLK | Marszałek Piłsudzki
22%
IC | Mewa
22%
IC | Moniuszko
22%
IC | Niemcewicz
22%
IC | Pilecki
22%
IC | Pobrzeże
22%
IC | Polonia
22%
IC | Radziwiłł
22%
IC | Sienkiewicz
22%
IC | Starzyński
22%
IC | Warta
22%
IC | Wisłok
22%
IC | Wybrzeże
22%
IC | Zamoyski
22%
IC | Zielonogórzanin
22%
IC | Beskidy
17%
IC | Bystrzyca
17%
IC | Gałczyński
17%
IC | Krasiński
17%
IC | Lazur
17%
IC | Narew
17%
EIC | Ondraszek
17%
IC | Skarbek
17%
IC | Śnieżka
17%
IC | Staszic
17%
IC | Witos
17%
IC | Asnyk
11%
IC | Górnik
11%
IC | Karłowicz
11%
IC | Konopnicka
11%
IC | Korfanty
11%
IC | Leśmian
11%
IC | Mazury
11%
IC | Orłowicz
11%
IC | Prząśniczka
11%
IC | Rejewski
11%
IC | Słowiniec
11%
IC | Warmia
11%
TLK | Żeglarz
11%
IC | Kinga
6%
IC | Kolberg
6%
IC | Kyiv Express
6%
IC | Laguna
6%
IC | Noteć
6%
IC | Telimena
6%
IC | Tuwim
6%
IC | Zamenhof
6%
IC | Żeromski
6%
IC | Bezludna Wyspa
0%
IC | Jagna
0%
IC | Lutynia
0%
IC | Monciak
0%
IC | Porazińska
0%
IC | Słupia
0%
Nie znaleziono quizów pasujących do podanych kryteriów
Rozkład punktacji
Procent ludzi z każdym wynikiem
Percentyl według liczby udzielonych odpowiedzi
Twoja historia wyników
Nie rozwiązałeś tego quizu od ostatniego zresetowania